| 000 | 00547nam a2200169Ia 4500 | ||
|---|---|---|---|
| 008 | 130821s1948 xxu gr eng | ||
| 040 |
_aCo-BoUCM _bspa |
||
| 041 | _aeng | ||
| 100 | 1 |
_aQueen, Ellery _cSeudónimo _9109970 |
|
| 245 | 1 | 4 |
_aThe Brown fox mystery _cEllery Queen. |
| 260 |
_aNueva York (Estados Unidos) _bGrosset Dunlap _c1948 |
||
| 300 | _a243 páginas | ||
| 650 | 0 | 4 |
_aLiteratura estadounidense _918653 |
| 650 | 0 | 4 |
_aNovela estadounidense _920501 |
| 942 |
_cLIBRO _a18 _e1 _mQ83b _2DEWEY _h813.5 _n0 |
||
| 999 |
_c5531 _d5531 |
||